<?xml version="1.0" encoding="UTF-8"?>
<record
    xmlns:xsi="http://www.w3.org/2001/XMLSchema-instance"
    xsi:schemaLocation="http://www.loc.gov/MARC21/slim http://www.loc.gov/standards/marcxml/schema/MARC21slim.xsd"
    xmlns="http://www.loc.gov/MARC21/slim">

  <leader>00973nam a22002177a 4500</leader>
  <controlfield tag="005">20110902151830.0</controlfield>
  <datafield tag="010" ind1=" " ind2=" ">
    <subfield code="a">G-001149</subfield>
  </datafield>
  <datafield tag="020" ind1=" " ind2=" ">
    <subfield code="a"> </subfield>
    <subfield code="c">120.00</subfield>
  </datafield>
  <datafield tag="035" ind1=" " ind2=" ">
    <subfield code="a">G-001149</subfield>
  </datafield>
  <datafield tag="037" ind1=" " ind2=" ">
    <subfield code="b">&#x909;&#x92A;&#x939;&#x93E;&#x930;</subfield>
  </datafield>
  <datafield tag="082" ind1=" " ind2=" ">
    <subfield code="a">&#x915;</subfield>
  </datafield>
  <datafield tag="100" ind1=" " ind2=" ">
    <subfield code="a"> &#x915;&#x941;&#x92E;&#x93E;&#x930;, &#x915;&#x947;.</subfield>
    <subfield code="9">34203</subfield>
  </datafield>
  <datafield tag="245" ind1=" " ind2=" ">
    <subfield code="a">&#x92E;&#x93E;&#x928;&#x935;&#x924;&#x93E; &#x915;&#x940; &#x91D;&#x93E;&#x901;&#x915;&#x940; /</subfield>
    <subfield code="c">&#x915;&#x947;.&#x915;&#x941;&#x92E;&#x93E;&#x930;</subfield>
  </datafield>
  <datafield tag="260" ind1=" " ind2=" ">
    <subfield code="a">&#x92C;&#x930;&#x947;&#x932;&#x940;</subfield>
    <subfield code="b">&#x915;&#x947;. &#x915;&#x941;&#x92E;&#x93E;&#x930; ( &#x932;&#x947;&#x916;&#x915;)</subfield>
    <subfield code="c">&#x935;.&#x905;.</subfield>
  </datafield>
  <datafield tag="270" ind1=" " ind2=" ">
    <subfield code="a">&#x928;&#x93F;&#x915;&#x91F; &#x91C;&#x940;&#x935;&#x928; &#x92C;&#x940;&#x92E;&#x93E; &#x928;&#x93F;&#x917;&#x92E; &#x915;&#x93E;&#x930;&#x94D;&#x92F;&#x93E;&#x932;&#x92F;, 35-8 &#x92C;&#x940;/&#x90F;-1, &#x930;&#x93E;&#x92E;&#x92A;&#x941;&#x930; &#x92C;&#x93E;&#x917;,</subfield>
    <subfield code="b">&#x92C;&#x930;&#x947;&#x932;&#x940;</subfield>
    <subfield code="k"> </subfield>
    <subfield code="e">243001</subfield>
  </datafield>
  <datafield tag="300" ind1=" " ind2=" ">
    <subfield code="a">176&#x92A;&#x943;.</subfield>
    <subfield code="b"> </subfield>
    <subfield code="c">22 &#x938;&#x947;&#x92E;&#x940; (&#x938;&#x91C;&#x93F;&#x932;&#x94D;&#x926;)</subfield>
  </datafield>
  <datafield tag="700" ind1=" " ind2=" ">
    <subfield code="a">&#x938;&#x92A;&#x930;&#x93E;, &#x91A;&#x93E;&#x930;&#x942;</subfield>
    <subfield code="9">34156</subfield>
  </datafield>
  <datafield tag="942" ind1=" " ind2=" ">
    <subfield code="2">ddc</subfield>
    <subfield code="c">CH</subfield>
    <subfield code="h">&#x915;</subfield>
    <subfield code="m">&#x915;&#x941;&#x92E;&#x93E;&#x930;</subfield>
  </datafield>
  <datafield tag="999" ind1=" " ind2=" ">
    <subfield code="c">56233</subfield>
    <subfield code="d">56233</subfield>
  </datafield>
  <datafield tag="952" ind1=" " ind2=" ">
    <subfield code="0">0</subfield>
    <subfield code="1">0</subfield>
    <subfield code="4">0</subfield>
    <subfield code="7">0</subfield>
    <subfield code="8">FIC</subfield>
    <subfield code="a">KV</subfield>
    <subfield code="b">KV</subfield>
    <subfield code="d">2011-09-02</subfield>
    <subfield code="e">&#x909;&#x92A;&#x939;&#x93E;&#x930;</subfield>
    <subfield code="g">120.00</subfield>
    <subfield code="l">0</subfield>
    <subfield code="o">&#x915; &#x915;&#x941;&#x92E;&#x93E;&#x930;</subfield>
    <subfield code="p">G-001149</subfield>
    <subfield code="r">2011-09-02 00:00:00</subfield>
    <subfield code="t">1</subfield>
    <subfield code="v">120.00</subfield>
    <subfield code="w">2011-09-02</subfield>
    <subfield code="y">CH</subfield>
  </datafield>
</record>
